000
00294nam a22001337a 4500
008
170316b xxu||||| |||| 00| 0 eng d
020
_a
9780321551399
041
_a
eng
080
_2
4 ED
_a
611
100
_a
7
101
_a
SHM
245
_a
HUMAN PHYSIOLOGY
_c
SILVERTHORN.U
942
_2
udc
_c
BK
999
_c
7952
_d
7952